00269pam a2200109 a 4500020000500000041000500005082002000010100003400030245004300064260004400107300000800151 c h a658.15bSHE/COL aSHERMAN, H.D./ COLINGWOOD, H. aPROFIT YOUCAN TRUSThTextual Documents aNEW DELHIbPRENTICE HALL OF INDIAc2003 a169